<?xml version="1.0" encoding="UTF-8"?>
<record
    xmlns:xsi="http://www.w3.org/2001/XMLSchema-instance"
    xsi:schemaLocation="http://www.loc.gov/MARC21/slim http://www.loc.gov/standards/marcxml/schema/MARC21slim.xsd"
    xmlns="http://www.loc.gov/MARC21/slim">

  <leader>01076nam0a2200301   4500</leader>
  <controlfield tag="001">RU\NLR\BIBL_A\010942416</controlfield>
  <controlfield tag="005">20250624202853.0</controlfield>
  <datafield tag="010" ind1=" " ind2=" ">
    <subfield code="a">978-5-227-06338-0</subfield>
    <subfield code="9">2000</subfield>
  </datafield>
  <datafield tag="021" ind1=" " ind2=" ">
    <subfield code="a">RU</subfield>
    <subfield code="b">2015-94180</subfield>
    <subfield code="9">5824</subfield>
  </datafield>
  <datafield tag="035" ind1=" " ind2=" ">
    <subfield code="a">(NILC)RuMoRGB-008089175</subfield>
  </datafield>
  <datafield tag="035" ind1=" " ind2=" ">
    <subfield code="a">(NLR Aleph) 010942416</subfield>
  </datafield>
  <datafield tag="090" ind1=" " ind2=" ">
    <subfield code="a">10756382</subfield>
    <subfield code="c">10756382</subfield>
  </datafield>
  <datafield tag="100" ind1=" " ind2=" ">
    <subfield code="a">20151221d2015    |||y0rusy50      ca</subfield>
  </datafield>
  <datafield tag="101" ind1="0" ind2=" ">
    <subfield code="a">rus</subfield>
  </datafield>
  <datafield tag="102" ind1=" " ind2=" ">
    <subfield code="a">RU</subfield>
  </datafield>
  <datafield tag="105" ind1=" " ind2=" ">
    <subfield code="a">y|||z||||||y|</subfield>
  </datafield>
  <datafield tag="200" ind1="1" ind2=" ">
    <subfield code="a">&#x41B;&#x435;&#x447;&#x435;&#x431;&#x43D;&#x44B;&#x435; &#x43C;&#x430;&#x441;&#x43B;&#x430;</subfield>
    <subfield code="e">&#x430;&#x43C;&#x430;&#x440;&#x430;&#x43D;&#x442;&#x43E;&#x432;&#x43E;&#x435;, &#x43B;&#x44C;&#x43D;&#x44F;&#x43D;&#x43E;&#x435;, &#x43E;&#x431;&#x43B;&#x435;&#x43F;&#x438;&#x445;&#x43E;&#x432;&#x43E;&#x435;, &#x43A;&#x443;&#x43D;&#x436;&#x443;&#x442;&#x43D;&#x43E;&#x435;&#x2026;</subfield>
    <subfield code="f">&#x42E;&#x440;&#x438;&#x439; &#x41A;&#x43E;&#x43D;&#x441;&#x442;&#x430;&#x43D;&#x442;&#x438;&#x43D;&#x43E;&#x432;</subfield>
  </datafield>
  <datafield tag="210" ind1=" " ind2=" ">
    <subfield code="a">&#x41C;&#x43E;&#x441;&#x43A;&#x432;&#x430;</subfield>
    <subfield code="c">&#x426;&#x435;&#x43D;&#x442;&#x440;&#x43F;&#x43E;&#x43B;&#x438;&#x433;&#x440;&#x430;&#x444;</subfield>
    <subfield code="d">2015</subfield>
  </datafield>
  <datafield tag="215" ind1=" " ind2=" ">
    <subfield code="a">158, [1] &#x441;.</subfield>
    <subfield code="d">17</subfield>
  </datafield>
  <datafield tag="225" ind1="1" ind2=" ">
    <subfield code="a">&#x41A;&#x430;&#x440;&#x43C;&#x430;&#x43D;&#x43D;&#x44B;&#x439; &#x446;&#x435;&#x43B;&#x438;&#x442;&#x435;&#x43B;&#x44C;</subfield>
  </datafield>
  <datafield tag="606" ind1="1" ind2=" ">
    <subfield code="a">&#x420;&#x430;&#x441;&#x442;&#x438;&#x442;&#x435;&#x43B;&#x44C;&#x43D;&#x44B;&#x435; &#x43C;&#x430;&#x441;&#x43B;&#x430;</subfield>
    <subfield code="x">&#x41B;&#x435;&#x447;&#x435;&#x431;&#x43D;&#x43E;&#x435; &#x43F;&#x440;&#x438;&#x43C;&#x435;&#x43D;&#x435;&#x43D;&#x438;&#x435;</subfield>
    <subfield code="9">2624510</subfield>
    <subfield code="3">RU\NLR\AUTH\661561070</subfield>
  </datafield>
  <datafield tag="686" ind1="1" ind2=" ">
    <subfield code="a">&#x420;123.841-0</subfield>
  </datafield>
  <datafield tag="700" ind1=" " ind2="1">
    <subfield code="a">&#x41A;&#x43E;&#x43D;&#x441;&#x442;&#x430;&#x43D;&#x442;&#x438;&#x43D;&#x43E;&#x432;</subfield>
    <subfield code="b">&#x42E;.</subfield>
    <subfield code="g">&#x42E;&#x440;&#x438;&#x439;</subfield>
  </datafield>
  <datafield tag="801" ind1=" " ind2="0">
    <subfield code="a">RU</subfield>
    <subfield code="b">&#x420;&#x413;&#x411;</subfield>
    <subfield code="c">20151208</subfield>
    <subfield code="g">RCR</subfield>
  </datafield>
  <datafield tag="942" ind1=" " ind2=" ">
    <subfield code="c">BOOK</subfield>
  </datafield>
  <datafield tag="980" ind1=" " ind2=" ">
    <subfield code="a">NB</subfield>
  </datafield>
  <datafield tag="995" ind1=" " ind2=" ">
    <subfield code="5">2015-12-21</subfield>
    <subfield code="a">ad</subfield>
    <subfield code="b">NLR01</subfield>
    <subfield code="c">NLR01</subfield>
    <subfield code="e">RF9</subfield>
    <subfield code="f">1-1274822</subfield>
    <subfield code="k">2015-2/4422</subfield>
    <subfield code="o">0</subfield>
    <subfield code="p">0.00</subfield>
    <subfield code="r">BOOK</subfield>
    <subfield code="s">201524422_</subfield>
  </datafield>
  <datafield tag="995" ind1=" " ind2=" ">
    <subfield code="5">2015-12-21</subfield>
    <subfield code="a">ad</subfield>
    <subfield code="b">NLR01</subfield>
    <subfield code="c">NLR01</subfield>
    <subfield code="e">RF9</subfield>
    <subfield code="f">1-1274818</subfield>
    <subfield code="k">2015-2/4422</subfield>
    <subfield code="o">0</subfield>
    <subfield code="p">0.00</subfield>
    <subfield code="r">BOOK</subfield>
    <subfield code="s">201524422_</subfield>
  </datafield>
</record>
